[Event "Bundesliga 0304"]
[Site "Germany"]
[Date "2004.02.15"]
[Round "8.7"]
[White "Muse, Drazen"]
[Black "Hertneck, Gerald"]
[Result "0-1"]
[WhiteElo "2443"]
[BlackElo "2524"]
[Annotator "Ftacnik,L"]
[PlyCount "78"]
[EventDate "2003.11.01"]
[EventType "team-tourn"]
[EventRounds "15"]
[EventCountry "GER"]
[SourceTitle "CBM 100"]
[Source "ChessBase"]
[SourceDate "2004.06.01"]
[SourceVersion "1"]
[SourceVersionDate "2004.06.01"]
[SourceQuality "1"]
[WhiteTeam "Kreuzberg"]
[BlackTeam "Tegernsee"]
[WhiteTeamCountry "GER"]
[BlackTeamCountry "GER"]

1. g3 d5 2. Bg2 Nf6 3. d3 c6 4. Nd2 e5 5. e3 Bd6 6. Ne2 a5 {White is playing a
rather passive set up, so Hertneck has lot of freedom to build up his own play.
} (6... O-O 7. O-O Qe8 (7... Re8 8. h3 a5 9. a3 a4 10. Kh2 Nbd7 11. e4 Nc5 12.
f3 Ne6 13. Rh1 Bc5 14. Nf1 Qb6 15. Qd2 Rd8 16. Ne3 g6 17. Rf1 Bf8 18. Ng4 Nxg4+
19. fxg4 Bg7 20. Nc3 d4 21. Nd1 f6 22. Nf2 Bd7 23. Bf3 c5 {0-1 Haub,
T-Gruenberg,H/Germany 1994/ (41)}) (7... Qc7 8. h3 b5 9. e4 Bb7 10. Nc3 d4 11.
Ne2 c5 12. f4 c4 13. Nf3 Nc6 14. fxe5 Bxe5 15. Nxe5 Qxe5 16. Rf5 Qc7 17. Rxb5
cxd3 18. cxd3 Ba6 19. Rf5 Rad8 20. Bg5 Ne7 21. Bxf6 {1-0 Chtcherbine,
A-Plazaola,S/Buenos Aires 2002/ (21)}) 8. b3 a5 9. a3 Na6 10. Bb2 Nc5 11. h3
Qe7 12. e4 dxe4 13. dxe4 b6 14. Re1 Ba6 15. Nc1 Rad8 16. Qf3 Bc7 17. Qe3 Rd7
18. Nf1 Rfd8 19. a4 b5 20. axb5 cxb5 21. c3 b4 {0-1 Kroell,J-Acs,P/Austria
1998/ (39)}) 7. O-O (7. a4 O-O 8. O-O Re8 $15) 7... O-O 8. a3 a4 9. Re1 Nbd7
10. b4 (10. e4 Re8 11. exd5 cxd5 12. Nc3 Nb6 $15) 10... axb3 11. cxb3 Qe7 12.
Bb2 (12. a4 $6 Nc5 13. Qc2 Na6 $17) 12... b5 $1 13. b4 Nb6 14. Rc1 (14. f4 Bg4
15. Rc1 Rfc8 16. Qb3 $13) 14... Na4 15. Ba1 c5 16. bxc5 (16. f4 $5 Bg4 17. h3 (
17. fxe5 Bxe5 18. d4 cxd4 19. exd4 Bd6 $17) 17... exf4 18. exf4 Be6 $15) 16...
Nxc5 17. Nb1 (17. d4 Nd3 18. dxe5 Bxe5 19. Bxe5 Nxc1 20. Bxf6 Nxe2+ 21. Qxe2
Qxf6 22. Qxb5 Be6 $17) 17... Bf5 $1 18. e4 {[%mdl 256] Muse puts up the
resistance, but the necessity to play such a move serves as a prove of failure
for his opening concept.} (18. d4 Nd3 19. dxe5 Bxe5 20. Nd4 Bxd4 21. Bxd4 Be4
22. f3 Bf5 23. e4 Nxe1 24. Qxe1 Rfe8 $19) 18... dxe4 19. dxe4 Bxe4 20. Bxe4 (
20. f3 Bd5 21. Nbc3 Bc4 $19) 20... Ncxe4 21. Nec3 Nxc3 22. Bxc3 (22. Nxc3 Bxa3
23. Rb1 Rfd8 24. Qb3 b4 25. Na2 Rd2 26. Nxb4 Bxb4 27. Qxb4 Qxb4 28. Rxb4 Nd5
29. Rb2 Rxb2 30. Bxb2 f6 $17) 22... Qe6 23. Bb2 (23. Qe2 Qh3 (23... Nd5 24.
Qxb5 Rfb8 25. Qd3 $15) 24. f3 Qf5 $17) 23... h5 $2 (23... Rfc8 24. Qe2 b4 $17)
24. Rc6 Rfd8 25. Qf3 $2 {Small comedy of errors, both players have missed
simple combination, that would fully equalize for white.} (25. Bxe5 $1 Bxe5 26.
Rxe6 Rxd1 27. R6xe5 $11) 25... Qg4 26. Qxg4 (26. Qg2 Rac8 $17) 26... hxg4 27.
Rb6 (27. Kg2 Nd5 28. Bxe5 Bxa3 29. Nxa3 Rxa3 $17) 27... b4 $1 28. axb4 Nd5 29.
Rb5 Nxb4 30. Nc3 (30. Bxe5 $2 Nd3 31. Bxd6 Nxe1 $19) 30... Nd3 31. Re2 Bc5 (
31... f5 32. Rd2 Bf8 (32... Ba3 33. Bxa3 Rxa3 34. Nd1 Rd7 $19)) 32. Kg2 f5 33.
Nd1 e4 {Apart from missing pawn white is suffering due to the lack of piece
coordination.} 34. Ne3 (34. Rb7 Ra7 35. Rxa7 Bxa7 36. Bc3 Rc8 37. Ra2 Bc5 $17)
34... Rab8 (34... f4 35. gxf4 Nxf4+ 36. Kf1 Nxe2 37. Rxc5 Nf4 38. Rc4 Nd3 39.
Bd4 Ra2 $19) 35. Rxc5 (35. Rxb8 Rxb8 36. Nd1 f4 37. Kg1 f3 38. Rc2 Kf7 $19)
35... Nxc5 36. Nxf5 Nd3 37. Bd4 Rb1 38. Rxe4 Ne1+ 39. Rxe1 (39. Kf1 Nf3+ 40.
Ke2 Re1+ 41. Kd3 Ne5+ 42. Rxe5 Rxe5 $19) 39... Rxe1 0-1

[Event "Bundesliga 0405"]
[Site "Germany"]
[Date "2005.04.10"]
[Round "15.4"]
[White "Mann, Christian"]
[Black "Krivoshey, Sergei"]
[Result "0-1"]
[WhiteElo "2455"]
[BlackElo "2499"]
[Annotator "Ftacnik,L"]
[PlyCount "76"]
[EventDate "2004.11.12"]
[EventType "team-tourn"]
[EventRounds "15"]
[EventCountry "GER"]
[SourceTitle "CBM 107"]
[Source "ChessBase"]
[SourceDate "2005.08.01"]
[SourceVersion "1"]
[SourceVersionDate "2005.08.01"]
[SourceQuality "1"]
[WhiteTeam "Eppingen"]
[BlackTeam "Hofheim"]
[WhiteTeamCountry "GER"]
[BlackTeamCountry "GER"]

1. g3 d5 2. Bg2 c6 3. d3 Nf6 4. Nd2 e5 5. Ngf3 Qc7 6. e4 dxe4 7. dxe4 Bg4 8. h3
Bh5 9. O-O Be7 10. b3 O-O 11. Bb2 Nfd7 {Very interesting move, Krivoshey wants
to keep many pieces on the board and try to positionally outplay his opponent.}
(11... Nbd7 12. Nc4 Rfd8 13. Qe1 Bxf3 14. Bxf3 $13) 12. Nc4 f6 13. Qd2 (13. Qe2
Rd8 14. Rad1 b5 15. Ne3 Bc5 $11) 13... Nc5 14. Nh4 Rd8 15. Qc3 (15. Qe3 Ne6 16.
Nf5 Bc5 $11) 15... Ne6 16. Nf5 Bf8 17. a4 Na6 18. Ba3 (18. Bf3 Bf7 19. Rad1 g6
20. Nh4 Nd4 $17) 18... Nac5 19. Kh2 a5 20. Qe3 (20. Bc1 $5 b6 (20... b5 21.
axb5 cxb5 22. Nxa5 b4 23. Qxb4 Be2 24. Rg1 Nd3 25. Qb7 Qxc2 26. Be3 Ndc5 $11)
21. Be3 Rd7 $15) 20... b5 $1 {[%mdl 32] Excellent idea of pushing white pieces
back and acquiring more space.} 21. axb5 (21. Nd2 b4 22. Bb2 Rd7 23. Nc4 Rad8
$17) 21... cxb5 22. Nd2 b4 23. Bc1 (23. Bb2 a4 24. bxa4 Nxa4 25. Rfb1 Qxc2 $19)
23... Nd4 (23... a4 24. bxa4 Nxa4 25. Ra2 Nc3 $17) 24. Ra2 (24. Nxd4 exd4 25.
Qf4 Qxf4 26. gxf4 d3 27. e5 Ra7 $19) 24... Nce6 (24... a4 25. bxa4 Rxa4 26.
Rxa4 Nxc2 27. Rxb4 Nxe3 28. Nxe3 $17) 25. Nc4 (25. Nxd4 Nxd4 26. f4 Nxc2 27.
Qf2 Nd4 28. fxe5 fxe5 $17) 25... Be2 26. Rg1 (26. Re1 Bxc4 27. bxc4 Qxc4 $19)
26... Bc5 $1 {Something went terribly wrong for Mann, black pieces control the
whole center of the board.} (26... Bxc4 27. bxc4 Qxc4 28. Rb2 a4 29. Bf1 Qc6
$19) 27. Nxd4 Nxd4 28. Kh1 Bxc4 29. bxc4 Nxc2 30. Qb3 (30. Qe2 Nd4 31. Qg4 a4
$19) 30... Nd4 31. Qa4 b3 {Two passed pawns will quickly decide the issue.} 32.
Rd2 (32. Rb2 Qd7 33. Qa1 a4 $19) 32... Qc6 33. Qa1 (33. Qxc6 Nxc6 34. Rd5 Bxf2
35. Rgd1 Bd4 $19) 33... a4 34. g4 a3 35. g5 b2 36. Bxb2 axb2 37. Qxb2 Rab8 38.
Qc3 Bb4 0-1

[Event "Goodricke op 13th"]
[Site "Kolkata"]
[Date "2002.03.23"]
[Round "7"]
[White "Yogesh, Gore"]
[Black "Sundararajan, Kidambi"]
[Result "1-0"]
[WhiteElo "2333"]
[BlackElo "2412"]
[Annotator "Ftacnik,L"]
[PlyCount "85"]
[EventDate "2002.03.17"]
[EventType "swiss"]
[EventRounds "11"]
[EventCountry "IND"]
[SourceTitle "CBM 088"]
[Source "ChessBase"]
[SourceDate "2002.03.21"]
[SourceVersion "1"]
[SourceVersionDate "2002.03.21"]
[SourceQuality "1"]

1. a3 d5 2. d3 Nf6 3. g3 e5 4. Nf3 Bd6 5. Bg2 O-O 6. O-O c6 7. Nbd2 Bg4 8. h3
Bh5 9. Qe1 Re8 10. e4 Nbd7 11. Nh4 dxe4 (11... a5 12. b3 b5 13. Bb2 a4 14. b4
dxe4 15. Nxe4 Nxe4 16. Qxe4 Rc8 {1/2-1/2 Ost Hansen,J-Pedersen,E/Odense 1980/ 
(16)}) (11... Nc5 12. b4 Ne6 13. Nb3 Bc7 14. Be3 Nf4 15. gxf4 exf4 16. Bd4 dxe4
17. dxe4 Nxe4 18. Bxe4 Qg5+ 19. Kh1 Qxh4 20. f3 Qxh3+ 21. Kg1 f5 22. Rf2 fxe4 {
0-1 Depasquale,C-Rogers,I/Jakarta 1987/ (22)}) 12. Nf5 Bc7 13. dxe4 a5 14. Nc4
(14. Qe3 h6 15. Re1 Bb6 16. Qc3 Bg6 17. Nd6 Re6 $11) 14... b5 15. Nce3 Nc5 {
White has no reason to believe, that his position is better.} 16. f3 Bg6 (16...
Bb6 17. Kh2 Qc7 $11) 17. h4 Ne6 18. Bd2 (18. c3 $6 Nc5 $15) 18... Bb6 19. Kh2 (
19. Bh3 Nd4 20. Kh2 $11) 19... Qc7 20. Ng4 Nd7 (20... Nxg4+ $5 21. fxg4 Rad8
$15) 21. Rd1 f6 (21... Bxf5 22. exf5 Nd4 23. Ne3 Rad8 24. c4 (24. Bc3 Nf6 25.
Rf2 e4 $17) 24... Nf6 $15) 22. Bc3 Ndf8 (22... Bxf5 23. exf5 Nd4 24. Ne3 $11)
23. Nge3 Rad8 24. Rxd8 Rxd8 25. Bh3 Bf7 {Black is a bit shy in exploiting the
potential of the forepost d4, white must be very careful.} (25... Nd4 26. b3 (
26. f4 exf4 27. gxf4 Nfe6 28. Nxd4 Nxd4 29. Bg2 Bh5 $17) 26... Nfe6 $15) 26.
Qc1 Bd4 (26... Nd4 27. Bxd4 exd4 28. Ng2 Ng6 $15) 27. Qe1 Bxc3 28. Qxc3 (28.
bxc3 Nc5 $17) 28... Nd4 29. f4 Nfe6 (29... c5 30. b4 $1 exf4 31. gxf4 Bc4 32.
Nxc4 axb4 33. axb4 cxb4 34. Qxb4 Nxf5 35. Bxf5 bxc4 $11) 30. fxe5 fxe5 (30...
Qxe5 31. Ne7+ Kh8 32. Nxc6 Nxc6 33. Qxc6 Rd2+ 34. Bg2 Qxb2 35. Qa8+ Bg8 36.
Qxa5 $11) 31. Ng4 Bg6 32. Rf2 Rf8 33. Nge3 Be8 34. Qe1 Bd7 $4 {[%mdl 8192]
Grave tactical mistake, suddenly all white pieces will spring to life with the
decisive force.} (34... Bf7 35. c3 Nxf5 36. Nxf5 $11) 35. Ne7+ $1 Kh8 36. Rxf8+
Nxf8 37. Qf2 $1 Qd8 38. Qf7 Nfe6 (38... Be6 39. Bxe6 Nfxe6 40. c3 Nf3+ 41. Kh1
Nfg5 42. hxg5 Nxg5 43. Qf5 $18) 39. c3 $1 Nf3+ 40. Kg2 Neg5 (40... Ne1+ 41. Kf1
Nd3 42. Bxe6 $18) 41. hxg5 Nxg5 42. Ng6+ $1 (42. Nxc6 Bxh3+ 43. Kh1 Nxf7 44.
Nxd8 Nxd8 $19) 42... hxg6 43. Qxd7 (43. Qxd7 Qf6 44. Bg4 $18) 1-0

[Event "Bundesliga 0506"]
[Site "Germany"]
[Date "2005.11.13"]
[Round "4.6"]
[White "Vonthron, Horst"]
[Black "Medvegy, Zoltan"]
[Result "0-1"]
[WhiteElo "2339"]
[BlackElo "2478"]
[Annotator "Ftacnik,L"]
[PlyCount "74"]
[EventDate "2005.10.21"]
[EventType "team-tourn"]
[EventRounds "15"]
[EventCountry "GER"]
[SourceTitle "CBM 110"]
[Source "ChessBase"]
[SourceDate "2006.01.31"]
[SourceVersion "1"]
[SourceVersionDate "2006.01.31"]
[SourceQuality "1"]
[WhiteTeam "Kirchheim"]
[BlackTeam "Eppingen"]
[WhiteTeamCountry "GER"]
[BlackTeamCountry "GER"]

1. e4 d5 2. Nc3 dxe4 3. Nxe4 Bf5 4. Ng3 Bg6 5. d4 e6 6. Nf3 Nf6 7. h4 h6 8. Ne5
(8. h5 Bh7 9. Bd3 Bxd3 10. Qxd3 Nbd7 (10... c6 11. Bd2 Nbd7 12. O-O-O Qc7 13.
Ne4 Nxe4 14. Qxe4 Nf6 15. Qe2 Bd6 {0-1 Dietrich,R-Weiss,B/Boeblingen 2001/ (70)
}) 11. Bd2 Bd6 12. Ne4 Qe7 13. O-O-O Nxe4 14. Qxe4 O-O-O 15. Bf4 Nf6 16. Bxd6
Rxd6 17. Qe2 Rhd8 18. c3 Ra6 19. Kb1 Rd5 20. Ne5 Rda5 21. a3 Nd5 22. c4 Qxa3
23. cxd5 Qb3 24. Kc1 Rxd5 {0-1 Pitkanen,S-Nykopp,J/Vantaa 1996/ (58)}) 8... Bh7
9. Bc4 (9. c3 Nbd7 10. Qf3 c6 11. Bf4 Qe7 12. Bc4 Nd5 13. Bb3 Nxf4 14. Qxf4 Qf6
15. Qe3 Qe7 16. O-O-O Nxe5 17. dxe5 {1-0 Peters,P-Stock,H/Bad Wildbad 1997/ 
(33)}) 9... Nbd7 10. Bf4 {The position has the similarities with Carokann
defense, but black has saved the tempo by avoiding c7-c6.} (10. Qe2 Be7 11.
Nxf7 Kxf7 12. Qxe6+ {1-0 Peters,P-Kaiser,J/Bad Wildbad 1997/}) 10... Nb6 11.
Bb3 (11. Bb5+ c6 12. Nxc6 bxc6 13. Bxc6+ Nbd7 14. Bxa8 Qxa8 $15) 11... Be7 12.
Qe2 (12. O-O O-O 13. Be3 Nbd5 14. Qf3 c5 $15) 12... O-O (12... Qxd4 13. Nxf7 $1
Bb4+ (13... Rf8 14. Be5 Qg4 15. Qxg4 Nxg4 16. Bxe6 $13) 14. Kf1 O-O 15. Be5 $13
) 13. O-O-O a5 (13... Nbd5 14. Be3 (14. Bd2 c5 15. dxc5 Bxc5 16. Nh5 Nxh5 17.
Qxh5 Qc7 $15) 14... Nxe3 15. fxe3 c5 $15) 14. a3 (14. Nxf7 $5 Rxf7 (14... Kxf7
15. Bxe6+ (15. Qxe6+ Ke8 16. Qe5 a4 17. Be6 $14) 15... Ke8 16. Nf5 $18) 15.
Bxe6 Nbd5 16. Be5 Ra6 17. Bxf7+ Kxf7 18. Rd2 $13) 14... a4 15. Ba2 (15. Nxf7 $5
Rxf7 16. Bxe6 Nbd5 17. Be5 Ra6 18. Bxf7+ Kxf7 19. f4 $14) 15... Nbd5 16. Bd2 (
16. Be3 Nxe3 17. Qxe3 Qd6 18. Bc4 $13) 16... c5 $1 {Medvegy is rushing to open
up the queenside since his bishop on h7 will hugely enhance the chances of any
attack.} 17. dxc5 Qc7 (17... Bxc5 18. Bxd5 exd5 (18... Nxd5 19. Bxh6 gxh6 20.
Qg4+ Kh8 21. Nh5 Bg6 22. Nxg6+ fxg6 23. Qxg6 Qe7 24. Qxh6+ Qh7 25. Qxe6 Rxf2
26. Qe5+ Nf6 27. Qxc5 Rf5 28. Qb6 $14) 19. Be3 Bxe3+ 20. Qxe3 Qc7 $17) 18. c6 (
18. Bxd5 Nxd5 19. Nd3 Bxc5 20. Nxc5 Qxc5 21. Ne4 Bxe4 22. Qxe4 Qxf2 $17) 18...
bxc6 19. c4 (19. Nh5 Rab8 20. Nf4 Ne4 $17) 19... Rab8 $1 20. cxd5 cxd5+ 21. Bc3
(21. Nc4 dxc4 22. Bc3 Bd3 $19) 21... Bxa3 $1 {[%mdl 64] From this move the
position can be considered winning for black, but it remains tactically very
complex.} (21... Bd6 22. h5 (22. Kd2 Ne4+ 23. Nxe4 Bxe5 $19) 22... Rfc8 23.
Rhe1 Qb6 24. Qd2 d4 25. Nc4 dxc3 26. Qxd6 cxb2+ 27. Kd2 Qxf2+ 28. Re2 Qa7 $19)
22. Nc4 (22. Qd2 Rxb2 $19) (22. Kd2 Bxb2 23. Qe3 Rfc8 24. Rc1 d4 $1 25. Qxd4
Rd8 $19) (22. Bc4 Bb4 (22... Rb3 23. Bd4 Bd6 24. Rd2 a3 $19) 23. Bxb4 Rxb4 24.
Rd4 a3 $19) 22... dxc4 (22... Bc5 23. Be5 Qe7 24. Bxb8 Rxb8 25. Ne3 (25. Ne5
Qc7 26. Bc4 Bd6 27. Rde1 a3 $19) 25... Qc7 26. Nc2 Qb6 27. Ne3 Bxe3+ 28. fxe3
Rc8+ $19) 23. bxa3 Rb5 24. Qf3 (24. Bxf6 Qf4+ 25. Qe3 Qxf6 26. Rd4 Rfb8 27. Re1
c3 28. Rb4 c2 29. Qe5 Qxe5 30. Rxe5 Rxb4 31. axb4 Rxb4 $19) (24. Qe3 Qe7 25.
Bxc4 Rc5 26. Rd4 Rfc8 27. Qe2 Qc7 28. f4 Nd5 $19) (24. Bd4 Bd3 25. Qe3 Qe7 26.
Rxd3 cxd3 27. Qxd3 Qc7+ 28. Qc3 Qb8 29. Kd1 Rd8 $19) 24... Rfb8 (24... Bd3 25.
Bxf6 Qc5 26. Rd2 (26. Bb2 Rxb2 $19) (26. Qg4 Qxa3+ 27. Kd2 Qxa2+ 28. Ke1 g6 $19
) 26... Rfb8 $19) 25. Rhe1 {Vonthron is doing his best to build up some
resistance, for this purpose it is necessary to centralize the pieces.} (25.
Bxf6 c3 $3 26. Ne4 (26. Bxc3 Rb2 27. Rd8+ Qxd8 28. Bxb2 Rxb2 29. Qc3 (29. Kxb2
Qd2+ 30. Ka1 Qd4+ 31. Qc3 Qxc3#) 29... Rxa2 $19) 26... Bxe4 27. Qxe4 Qc5 28.
Qg4 Qxa3+ 29. Kc2 Rb2+ 30. Kd3 c2+ 31. Ke4 Qf8 32. Rd4 Rxa2 $19) 25... Nd5 (
25... Qc5 $5 26. Bxf6 Bd3 27. Kd2 gxf6 28. Re2 Rb2+ 29. Ke1 Qa5+ 30. Red2 R8b5
$19) 26. Be5 (26. Rxd5 Rxd5 27. Bb4 Bd3 28. Ne4 Rxb4 29. axb4 Qb6 30. Qe3 Qxb4
31. Qd2 c3 32. Qxc3 Rc5 33. Qxc5 Qxe1+ 34. Kb2 Bxe4 $19) (26. Ne4 Qe7 27. Bb4 (
27. Be5 c3 28. Bd6 Bxe4 29. Rxe4 Qxd6 $19) 27... Nxb4 28. axb4 Rxb4 (28... Bxe4
29. Rxe4 Qxb4 30. Rd2 Rd5 31. Ree2 Rbd8 32. Rxd5 exd5 $19) 29. Qc3 a3 30. f3
Rb2 31. Qxc4 Qf8 $19) 26... Rb1+ $1 {Black is finally ready for the definite
solution, tactics works for him very well due to the vulnerability of white
king.} 27. Bxb1 (27. Kd2 R8b2+ 28. Bxb2 Rxb2+ 29. Kc1 Rc2+ 30. Kb1 Re2+ 31. Kc1
Qf4+ 32. Qxf4 Rc2+ 33. Kb1 Nc3+ 34. Ka1 Rxa2#) 27... Rxb1+ 28. Kd2 Qa5+ 29. Ke2
(29. Bc3 Rb2+ 30. Kc1 Rc2+ 31. Kb1 Nxc3+ $19) 29... Bd3+ 30. Qxd3 (30. Rxd3
Rxe1#) 30... cxd3+ 31. Kf1 (31. Kxd3 Rb3+ $19) 31... Rxd1 32. Rxd1 Ne3+ $1 {
The aggressor plays forcefully untill the end, white is helpless.} (32... Nc3
33. Bxc3 Qxc3 $19) 33. fxe3 Qxe5 34. Nh1 (34. Kf2 Qb2+ 35. Kf3 Qc2 $19) 34...
Qxe3 35. Nf2 Qe2+ 36. Kg1 d2 37. g3 e5 0-1

[Event "RUS-ch U20"]
[Site "Cheboksary"]
[Date "2006.03.11"]
[Round "10"]
[White "Savchenko, Boris"]
[Black "Safronov, Andrey G"]
[Result "1-0"]
[WhiteElo "2569"]
[BlackElo "2314"]
[Annotator "Ftacnik,L"]
[PlyCount "43"]
[EventDate "2006.03.02"]
[EventType "tourn"]
[EventRounds "11"]
[EventCountry "RUS"]
[EventCategory "11"]
[SourceTitle "CBM 112"]
[Source "ChessBase"]
[SourceDate "2006.06.07"]
[SourceVersion "1"]
[SourceVersionDate "2006.06.07"]
[SourceQuality "1"]

1. Nc3 e5 2. Nf3 Nc6 3. d4 exd4 4. Nxd4 Nf6 5. Bg5 h6 6. Bh4 d6 7. Bxf6 $1 Qxf6
$2 {[%mdl 8192] Serious mistake, that will cost black the whole point. Due to
the 6...d6 move black can not get his dark squared bishop to b4 and so the
attack against c7 square will be terminal.} (7... gxf6 8. Nd5 Be6 9. e4 Nxd4
10. Qxd4 Bg7 11. Nf4 Rg8 12. Nh5 Bh8 13. Qe3 Qe7 14. Bd3 f5 15. exf5 Bd5 16.
Nf4 Bc6 17. O-O-O $11 {1/2 Berger,S (2278)-Sarakauskas,G (2428)/Hamburg 2003/ 
(56)}) 8. Ndb5 Kd8 9. Nxc7 $1 Rb8 (9... Kxc7 10. Nd5+ $18) 10. e3 (10. N7d5 Qd4
11. Qxd4 Nxd4 12. O-O-O Nc6 13. e4 Be6 14. f4 a6 15. Be2 b5 16. Ne3 f6 17. Bf3
Kc7 18. Rhe1 Rc8 19. g4 $16 {1-0 Rehn,R-Saren,I (2277)/Finland 1999/ (44)})
10... Qg6 11. N7d5 Bf5 12. Qd2 {Savchenko could have defended the c2 pawn, but
his sight is aimed at black king.} (12. Qe2 $5 Bxc2 $140 13. e4 $18) 12... Bxc2
13. Nf4 Qh7 (13... Qf5 14. Rc1 Be4 15. f3 $18) 14. Rc1 (14. Nd3 Bxd3 15. Bxd3
g6 16. O-O $18) 14... Bf5 15. Ncd5 {The position would have been playable with
black queen and king trading places...} Bd7 (15... Rc8 16. Bb5 Be7 17. O-O $18)
16. Bd3 g6 17. Rxc6 $1 {The aggressor has achieved maximum, black is
hopelessly lost.} bxc6 (17... Bxc6 18. Qa5+ b6 19. Qxa7 Rc8 20. Qxb6+ $18) 18.
Qa5+ Rb6 19. Qxa7 cxd5 20. Qxb6+ Ke8 (20... Ke7 21. Nxd5+ Ke6 22. Bc4 Bg7 23.
Qc7 Bxb2 24. O-O $18) 21. Nxd5 Be7 22. Qb8+ (22. Qb8+ Bd8 23. Nf6+ $18) 1-0

[Event "Budapest FS04 GM-A"]
[Site "Budapest"]
[Date "2002.04.11"]
[Round "10"]
[White "Czebe, Attila"]
[Black "Hoang, Thanh Trang"]
[Result "1-0"]
[WhiteElo "2462"]
[BlackElo "2426"]
[Annotator "Ftacnik,L"]
[PlyCount "51"]
[EventDate "2002.04.02"]
[EventType "tourn"]
[EventRounds "13"]
[EventCountry "HUN"]
[EventCategory "9"]
[SourceTitle "CBM 089"]
[Source "ChessBase"]
[SourceDate "2002.08.12"]
[SourceVersion "1"]
[SourceVersionDate "2002.08.12"]
[SourceQuality "1"]

1. g3 f5 2. e4 fxe4 3. d3 e3 (3... Nf6 4. dxe4 e5 5. Bc4 Bc5 6. Nf3 b5 7. Bxb5
O-O 8. Nxe5 Qe7 9. Nf3 Nxe4 10. O-O Bb7 11. Be2 Qf7 12. Bf4 Qf5 13. b4 Bb6 14.
c4 Nxf2 15. Rxf2 Bxf2+ 16. Kxf2 g5 17. Bxc7 g4 18. Nbd2 gxf3 19. Nxf3 Nc6 {
0-1 Cerrajeria,J-Ansola Marquinez,A/Zaragoza 1998/ (45)}) 4. Bxe3 Nf6 5. Bg2 e5
(5... d5 6. Nf3 Nc6 7. d4 $14) 6. Nf3 Nc6 7. O-O Be7 (7... d5 8. d4 e4 9. Nfd2
Be7 10. c4 $13) 8. d4 exd4 (8... e4 9. Ne5) 9. Nxd4 {White is ahead in the
development and thus his activity in the center affects black rather
unpleasantly.} d5 (9... O-O 10. c4 Ne5 11. Qb3 $36) 10. c4 (10. Nxc6 bxc6 11.
Nd2 O-O 12. Re1 $14) 10... Nxd4 11. Bxd4 dxc4 12. Qa4+ Kf7 (12... c6 13. Qxc4
Be6 14. Qxe6 Qxd4 15. Re1 Qd7 16. Qe5 Kf8 17. Nc3 $14) 13. Rd1 Bd7 (13... Qe8
$2 14. Qxc4+ Be6 15. Qxc7 $16) 14. Qxc4+ Be6 15. Qc2 Qc8 16. Nc3 c6 17. Ne4 Bf5
$2 {[%mdl 128] Black was holding quite well and the difficulties seemed
managable. This unfortunate move sends his king into the open space towards
extinction.} (17... Nxe4 18. Qxe4 $14) (17... Nd5 18. Nc5 Bg4 19. Re1 $14) 18.
Qb3+ $1 Kg6 (18... Kf8 19. Nxf6 gxf6 (19... Bxf6 20. Bxf6 (20. Bc5+ Be7 21.
Bxe7+ Kxe7 22. Re1+ Kf6 $14) 20... gxf6 21. Re1 $16) 20. Re1 Qc7 21. Qe3 $16) (
18... Nd5 19. Nc3 $18) 19. Ng5 Rf8 (19... Nd5 20. Bxd5 cxd5 (20... Bxg5 21.
Bf7+ Kh6 22. h4 $18) 21. Nf3 $18) 20. Re1 (20. Nf3 Nd7 21. Re1 $16) 20... Nd5 (
20... Bd6 21. Nf3 Kh5 22. Nh4 $16) 21. Bxd5 (21. Nf3 Bf6 22. Bxf6 Kxf6 23. Nd4
$14) 21... Bxg5 (21... cxd5 22. Rxe7 Kxg5 23. Rxg7+ $18) 22. Be6 $1 {The
attack continues and black king gets lot of heat.} Bxe6 (22... Qc7 23. g4 $1
Bxe6 24. Qxe6+ Bf6 25. Qf5+ Kf7 26. Bxf6 gxf6 27. Qxh7#) 23. Rxe6+ Bf6 24. Qd3+
Kh6 (24... Kf7 25. Rxf6+ gxf6 26. Qxh7+ Ke6 27. Re1+ $18) 25. Qf5 Qd8 26. Be3+
1-0

[Event "Los Angeles"]
[Site "Los Angeles"]
[Date "2003.08.25"]
[Round "8"]
[White "Minasian, Artashes"]
[Black "Becerra Rivero, Julio"]
[Result "1-0"]
[WhiteElo "2571"]
[BlackElo "2569"]
[Annotator "Ftacnik,L"]
[PlyCount "61"]
[EventDate "2003.08.18"]
[EventType "tourn"]
[EventRounds "9"]
[EventCountry "USA"]
[EventCategory "10"]
[SourceTitle "CBM 097"]
[Source "ChessBase"]
[SourceDate "2003.11.11"]
[SourceVersion "1"]
[SourceVersionDate "2003.11.11"]
[SourceQuality "1"]

1. g3 g6 2. Bg2 Bg7 3. e4 e5 4. Ne2 Nc6 5. c3 Nge7 6. d4 exd4 7. cxd4 d5 8. e5
f6 9. f4 Be6 10. Nbc3 Qd7 11. h3 (11. O-O Bh3 12. Bxh3 Qxh3 13. f5 Qg4 14. Qb3
O-O-O $13) 11... Nf5 12. O-O O-O-O $6 {With opposite castling Becerra shows
his fighting spirit, but his king will be more easily accessible than
Minasian's.} (12... O-O $13) 13. a4 a5 (13... Rhf8 14. a5 a6 15. Na4 $36) 14.
Nb5 b6 (14... Rhe8 15. Bd2 $14) 15. Bd2 Kb7 16. Rc1 Ra8 (16... h6 17. Rf3 (17.
b4 axb4 18. Qb3 Rc8 19. Rc2 $14) 17... Nfe7 18. Kh2 Rhf8 19. Rfc3 $40) 17. Rf3
$1 Nfe7 18. Kh2 Rhc8 19. Rfc3 Rab8 20. Qb3 Ka8 (20... Re8 21. Be3 $16) 21. f5
$1 {[%mdl 64] Fine combination in order to exploit pressure along the a8-h1
diagonal.} gxf5 (21... Bxf5 22. Rxc6 $1 Nxc6 23. Bxd5 $18) 22. Nf4 Nxd4 (22...
Bf7 23. Rxc6 Nxc6 24. e6 Bxe6 25. Nxe6 Qxe6 26. Qxd5 Qxd5 27. Bxd5 $18) 23.
Nxd4 fxe5 24. Ndxe6 exf4 25. Nxc7+ (25. Nxg7 fxg3+ 26. Rxg3 $18) 25... Ka7 (
25... Kb7 26. Nxd5 Rxc3 27. Nxc3+ Nc6 28. Bxf4 $18) 26. Nxd5 $6 {Minasian must
have lost interest in the game, otherwise he would surely have played 26.Nb5+
with the immediate win.} (26. Nb5+ Ka6 27. Rc7 $18) 26... fxg3+ (26... Bxc3 27.
Bxf4 Nxd5 (27... Bd4 28. Bxb8+ Kxb8 29. Nxb6 $18) 28. Rd1 Bb4 29. Rxd5 Qe7 30.
Bxb8+ Kxb8 31. Qd3 $18) 27. Kh1 (27. Rxg3 Be5 28. Rxc8 Bxg3+ 29. Kxg3 Nxc8 30.
Kh2 $18) 27... Ka6 (27... Bxc3 28. bxc3 Nxd5 29. Bxd5 Rc5 30. c4 f4 31. Kg2 $16
) 28. Rxc8 Nxc8 29. Nc7+ Ka7 30. Nb5+ Ka6 31. Rc7 $1 (31. Rc7 $1 Qxd2 32. Ra7+
Nxa7 33. Nc7#) 1-0